[Event "Budapest FS12 GM-A"]
[Site "Budapest"]
[Date "2001.12.04"]
[Round "4"]
[White "Antal, Gergely"]
[Black "Paschall, William M"]
[Result "1-0"]
[WhiteElo "2426"]
[BlackElo "2393"]
[Annotator "Tyomkin,D"]
[PlyCount "67"]
[EventDate "2001.11.01"]
[EventType "tourn"]
[EventRounds "13"]
[EventCountry "HUN"]
[EventCategory "10"]
[SourceTitle "CBM 087"]
[Source "ChessBase"]
[SourceDate "2002.03.21"]
[SourceVersion "1"]
[SourceVersionDate "2002.03.21"]
[SourceQuality "1"]

1. e4 c5 2. Nf3 Nc6 3. d4 cxd4 4. Nxd4 Nf6 5. Nc3 d6 6. Bg5 e6 7. Qd2 Qb6 8.
Nb3 a6 9. a4 (9. Bxf6 $1 {(Gofshtein,L)} gxf6 10. O-O-O Bd7 11. f4 h5 12. Be2 {
[%cal Ye2h5]} O-O-O 13. Bf3 (13. Rhf1 $5 {Gofshtein,L with idea Rf1-f3-h3})
13... Ne5 14. Be2 Kb8 15. Kb1 Nc6 16. Rhf1 {[%cal Yf1f3,Yf3h3,Yh3h5]} h4 17.
Qe1 {[%csl Yh4][%cal Re1h4]} Rc8 18. Rf3 {[%cal Yf3h3,Yh3h4]} Qa7 19. Rh3 Be7
20. Rxh4 Rxh4 21. Qxh4 $16 {1-0 Tiviakov,S-Conquest,S/Saint Vincent 2000/CBM
78/[Gofshtein,L] (51)}) 9... Qc7 10. a5 Bd7 11. Bd3 Ne5 12. Qe2 (12. O-O Nc4
13. Bxc4 Qxc4 14. Bxf6 gxf6 15. f4 {[%cal Gf4f5]}) 12... Be7 13. Be3 {[%cal
Gf2f4] There is nothing to do for this bishop on g5 anymore- white places it
to better diagonal a7-g1 and intends f2-f4;} Rc8 14. Bb6 Qb8 15. f4 Nxd3+ 16.
cxd3 e5 $6 {This move looks very logical, but unfortunately black doesn't
fully equalize this way;} (16... O-O 17. e5 $14) (16... Bc6 $142) 17. O-O {
17.f5 would face typical Sicilian break over the centre;:} (17. f5 d5 $1) 17...
Be6 18. Nd2 exf4 19. Rxf4 Nd7 (19... d5 20. Rxf6 $1 gxf6 21. exd5 $18) 20. Be3
(20. Nd5 Bg5 $1 {[%cal Gg5d2,Ye8g8,Ge6d5]}) 20... Bg5 (20... Ne5 21. d4 Ng6 22.
Rff1 O-O $14) 21. Rf2 Bxe3 22. Qxe3 $14 O-O 23. h3 $6 {White could build up
strong pawn centre by d3-d4- white needs this move anyhow;} (23. d4 $14) 23...
Rfe8 24. Qg3 Qa7 {even not thinking about counterplay over the queenside;} (
24... b6 $142 $1) 25. Nf3 $1 {No reason to accept the sacrifice and to release
black pieces by 25.Qxd6;} (25. Qxd6 Red8 (25... Nc5 26. Qd4 $16 {[%cal Gc3d5]})
26. Nd5 Bxd5 27. Qxd5 {[%csl Rf7]} Nf6 28. Qb3 Qe3 $132 {Suddenly all black
pieces are very active;}) 25... Ne5 26. Nxe5 dxe5 27. Qxe5 Bxh3 28. Qf4 Be6 29.
Ra4 {[%cal Gd3d4]} Red8 $2 {Underestimating white's threat;} (29... b5 30. axb6
Qxb6 31. d4 f6 $1 $11) 30. d4 $1 {Anyhow!} Rxd4 $4 {[%mdl 8192] Black is in
troubles anyhow, but Rxd4 loses the game at once;} (30... f6 31. d5 Bf7 32. e5
$16) 31. Qe3 Rxc3 {Last trap;} (31... Rcd8 32. Rd2 $18 {[%cal Ye3a7]}) 32. Rxd4
$1 {It was necessary to see this blow while playing 30.d4;} (32. bxc3 $4 Rd1+
$19) 32... Rc1+ 33. Qxc1 $2 {For some reason white had declined simple 33.Rf1-
white wins the game at once there thanx to the weakness of black's back rank;}
(33. Rf1 Rxf1+ 34. Kxf1 {[%cal Rd4d8]} Qb8 35. Qd2 $18) 33... Qxd4 34. Qd2 (34.
Qd2 Qxd2 35. Rxd2 f5 36. Rd8+ Kf7 37. Rb8 fxe4 38. Rxb7+ $18 {[%cal Gb7b6,
Yb2b4,Yb4b5] and the way for a win is very simple-Rb6 Bc4, then b2-b4-b5
creating passed pawn a;}) 1-0

[Event "Governor's Cup 2nd"]
[Site "Kramatorsk"]
[Date "2001.11.18"]
[Round "3"]
[White "Kupreichik, Viktor D"]
[Black "Miroshnichenko, Evgenij"]
[Result "0-1"]
[WhiteElo "2453"]
[BlackElo "2545"]
[Annotator "Tyomkin,D"]
[PlyCount "58"]
[EventDate "2001.11.16"]
[EventType "tourn"]
[EventRounds "14"]
[EventCountry "UKR"]
[EventCategory "10"]
[SourceTitle "CBM 086"]
[Source "ChessBase"]
[SourceDate "2002.02.05"]
[SourceVersion "1"]
[SourceVersionDate "2002.02.05"]
[SourceQuality "1"]

1. e4 c5 2. Nf3 Nc6 3. Nc3 d6 4. d4 cxd4 5. Nxd4 Nf6 6. Bg5 Bd7 7. Be2 {
One of sub-lines; The main is:} (7. Qd2) 7... e6 {Many other moves were tried
in this position:} (7... a6) (7... Qa5) (7... Rc8) 8. Bxf6 (8. O-O a6 9. a4 Be7
10. Nb3 Qc7 11. a5 O-O 12. Qd2 Rac8 13. Rfd1 Rfe8 14. Bxf6 gxf6 15. Na4 $14 {
1-0 Van der Wiel,J-Berkvens,J/Leeuwarden NED 2001/The Week in Chess 371 (35)})
(8. Ndb5 {Gofshtein,L} Qb8 9. a4 $5 a6 10. Na3 Qc7 11. Be3 $5 $146 Rb8 $5 {
Black defence against threat Nc4 with the capture b6} 12. O-O Be7 13. Nc4 {
[%csl Yb6][%cal Rc4b6,Ye3b6]} b6 14. Bf4 (14. Qd2 {Gofshtein,L} b5 $5 15. axb5
axb5 $132) 14... Ne5 15. Qd4 Nxc4 16. Qxc4 Qxc4 17. Bxc4 b5 18. axb5 axb5 {
this series of forced moves leads to approximately equal ending.} 19. Bd3 b4
20. Ne2 Bc6 21. f3 e5 22. Be3 d5 $6 {1/2-1/2 Fedorowicz,J-Gurevich,D/Seattle
2000/CBM 80/[Gofshtein,L] (41) Probably it is too hasty decision, maybe better
is quiet move 22...0-0}) 8... gxf6 (8... Qxf6 $5 9. Ndb5 O-O-O 10. O-O (10.
Nxd6+ Kb8 {[%cal Rd7c8]} 11. Nc4 Bc5 12. O-O Ne5 $1 $44) 10... Kb8 11. a4 Bc8
12. Qd3 g5 13. Rfd1 Bg7 14. a5 a6 $132 {0-1 Mastrovasilis,D-Berkvens,J/Patras
GRE 2001/The Week in Chess 351 (50)}) 9. O-O (9. Ndb5 Qb8 10. Bh5 Rg8 11. O-O
a6 12. Nd4 b5 13. Kh1 Qb6 14. Nxc6 Bxc6 15. Qf3 Qc5 16. Rae1 Rg5 17. Nd5 Be7
18. b4 Qa7 19. Nf4 Kf8 20. h4 Rg7 21. Qd3 Rc8 22. Bf3 Qc7 23. Nh5 Rg6 24. Qe3
Be8 25. Nf4 Rg8 26. Nh5 Rg6 27. Nf4 Rg8 28. Nh5 Rg6 {1/2-1/2 Hommeles,
T-Berkvens,J/Hoogeveen NED 2000/The Week in Chess 311 (28)}) 9... a6 10. Kh1
Qb6 $146 {Black has other interesting plans in this position:} (10... Bg7 11.
f4 O-O 12. Nxc6 Bxc6 13. Bd3 Qa5 14. a3 (14. f5 $5) 14... f5 15. exf5 Bxc3 16.
bxc3 Qxc3 17. fxe6 fxe6 18. Qe2 Kh8 {1/2-1/2 Perunovic,M-Popovic,P/Herceg Novi
2001/CBM 82 ext (18)}) ({Typical for this structure advance of h-pawn was
tried in the following game:} 10... h5 11. f4 (11. Nxc6 $140 Bxc6 12. Bxh5 $2
f5 {[%csl Ye4][%cal Gd8h4]}) 11... h4 12. f5 Qa5 13. Bg4 Qe5 14. Nf3 Qc5 15.
Ne1 Ne5 16. fxe6 fxe6 17. Nd3 Qd4 $11 {0-1 Belotti,B-Milov,V/Bratto ITA 2001/
The Week in Chess 362 (35)}) 11. Nb3 O-O-O 12. a4 (12. Bh5 $5) 12... Be7 13.
Qd2 {with the idea a4 and Na5- pawn a5 would be protected there;} Kb8 14. a5
Qc7 15. Na4 $2 {It was correct to prevent Nc6-e5 idea of black;} (15. f4 h5 16.
Na4 h4 17. Nb6 $14 {[%csl Gd5][%cal Ge2f3] keeping control over the central
squares, mostly over d5;} (17. c4 f5 $1 $132)) 15... Ne5 16. Nd4 $2 {
Understimating following central break of black;} (16. f4 Nc4 17. Qd4 d5 (17...
Nxa5 18. Nxa5 Qxa5 19. Nb6 Qc5 20. Nxd7+ Rxd7 21. Qa4 $44 {[%cal Yc2c4,Yb2b5,
Yb2b4]}) 18. exd5 {now you can see the difference of this position with the
position of the game- black doesn't have Bxa4 following by Rxd5 idea- Nc4 is
hanging.....} exd5 19. Bd3 $14 {[%cal Ga4c5,Ga4b6] Black doesn't have clear
way to develop initiative here, but black has got weak pawns and points all
around;}) 16... d5 $1 {Exactly in time!} 17. f4 $2 {There was no way for white
to hold position balanced, but more resistant was:} (17. exd5 Bxa4 18. Rxa4
Rxd5 $15 {still clearly better for black;}) 17... dxe4 $1 $17 {[%mdl 64] Black
earns at least one pawn out of all tactical operations;} 18. fxe5 fxe5 19. Nb6
(19. Nb3 Bxa4 20. Qe3 Be8 {[%csl Yf7]} 21. Qxe4 f5 $19) (19. c3 exd4 20. cxd4
Bc6 $1 {[%cal Ge6e5,Yf7f5]} 21. Rxf7 $140 e5 {[%cal Ge5d4]}) 19... exd4 20.
Qxd4 Bc6 21. Qg7 (21. Qe3 f5 {[%cal Gh8f8,Yf5f4] There is no good way to block
those central black pawns- f5-f4-f3 would break white's position for pieces;})
21... f5 {[%csl Yg2,Yh2][%cal Gf5f4,Gf4f3] In addition to extra pawn, black
has got direct attack on white king-g2 and h2 spots are vulnerable, f5-f4-f3
will crush the castle of white king;} 22. Qh6 (22. Rad1 Rxd1 23. Rxd1 Rd8 24.
Rxd8+ Bxd8 {black is up a pawn and winning;}) 22... Rhf8 $1 {[%cal Gf5f4]
Black doesn't care about e6 and bases on attack- probably that's the quickest
way to win here;} 23. Qxe6 Rf6 24. Qb3 Rh6 25. h3 f4 {White has nothing to do
here- black has too many forces in this attack;} 26. Rfd1 (26. Bg4 f3 $19 {
[%cal Gc7g3]}) 26... f3 27. Rxd8+ Bxd8 28. Bf1 Qg3 29. Qc3 (29. Qf7 e3 $19)
29... e3 {Just look on the pair of heroic pawns e3 and f3-they are killers!}
0-1

[Event "GER-ch 73th"]
[Site "Altenkirchen"]
[Date "2001.12.04"]
[Round "5"]
[White "Handke, Florian"]
[Black "Bischoff, Klaus"]
[Result "1-0"]
[WhiteElo "2384"]
[BlackElo "2541"]
[Annotator "Tyomkin,D"]
[PlyCount "49"]
[EventDate "2001.11.30"]
[EventType "swiss"]
[EventRounds "9"]
[EventCountry "GER"]
[SourceTitle "CBM 087"]
[Source "ChessBase"]
[SourceDate "2002.03.21"]
[SourceVersion "1"]
[SourceVersionDate "2002.03.21"]
[SourceQuality "1"]

1. e4 c5 2. Nf3 d6 3. d4 cxd4 4. Nxd4 Nf6 5. Nc3 Nc6 6. Bg5 e6 7. Qd2 Qb6 8.
Nb3 a6 9. f3 (9. Bxf6 {(Gofshtein,L)} gxf6 10. O-O-O Bd7 11. f4 h5 12. Be2 {
[%cal Ye2h5]} O-O-O 13. Bf3 (13. Rhf1 $5 {Gofshtein,L with idea Rf1-f3-h3})
13... Ne5 14. Be2 Kb8 15. Kb1 Nc6 16. Rhf1 {[%cal Yf1f3,Yf3h3,Yh3h5]} h4 17.
Qe1 {[%csl Yh4][%cal Re1h4]} Rc8 18. Rf3 {[%cal Yf3h3,Yh3h4]} Qa7 19. Rh3 Be7
20. Rxh4 Rxh4 21. Qxh4 $16 {1-0 Tiviakov,S-Conquest,S/Saint Vincent 2000/CBM
78/[Gofshtein,L] (51)}) 9... Qc7 $146 (9... Be7 10. O-O-O Qc7 11. Kb1 b5 (11...
Bd7 12. g4 Ne5 13. Nd4 b5 14. Bd3 Nc4 $132 {1-0 Klovans,J-Bielczyk,J/Polanica
Zdroj 1975/MCL (42). (41)}) 12. Bxb5 axb5 13. Nxb5 Qb8 14. Nxd6+ Bxd6 15. Qxd6
Qxd6 16. Rxd6 Na5 $2 (16... Ne5 $142) 17. Rhd1 O-O 18. Nxa5 Rxa5 19. Be3 $16 {
[%csl Ya2,Yb2,Yc2,Rf6] 1-0 Reinaldo Castineira,R-Andrade,L/Lisbon 2001/EXT
2002 (30). (29)}) 10. O-O-O Rb8 $6 {I don't see a point of this move- black
can play b7-b5 at once not scaring of Bxb5:} (10... Be7 {-was normal way to
continue;}) (10... b5 11. Bxb5 $140 axb5 12. Nxb5 Qb6 $17 {[%csl Ra2]}) 11. Bd3
Be7 12. f4 b5 13. Rhe1 b4 14. Nd5 $5 {[%mdl 64] Sacrificing a piece to
respected GM with no fear!;} (14. Ne2 O-O {black is definitely ok;}) 14... exd5
15. exd5 Nxd5 16. Be4 Bxg5 (16... Nf6 17. Bxf6 gxf6 18. Bxc6+ Qxc6 19. Re3 $44
{[%cal Gd1e1]}) 17. Bxd5+ (17. fxg5 $6 Nde7 18. Bxc6+ Qxc6 19. Qxd6 Qxd6 20.
Rxd6 Ra8 $1 {[%cal Ga8a7,Gc8e6]}) 17... Be7 18. Re4 $1 {[%cal Re4c4,Gd1e1] Two
threats-R1-e1 and also Rc4;} Ne5 $2 {The right way was to take care of Rc4
threat by over-protecting Nc6;} (18... Be6 19. Rc4 Rb6 20. Na5 Bd7 21. Qe3 {
[%csl Rc6][%cal Ge3f3]}) (18... Rb6 $142 $1 19. Bxc6+ (19. Rde1 O-O 20. Bxc6
Bh4 $1 21. g3 $140 Rxc6 {[%csl Rc2][%cal Gc8f5]}) 19... Rxc6 20. Rde1 Be6 21.
f5 Rxc2+ $1 22. Qxc2 Qxc2+ 23. Kxc2 Bxf5 24. Kd2 Bxe4 25. Rxe4 Kd7 26. Rxb4 Rc8
{and black is up a pawn in this ending;}) 19. fxe5 dxe5 $2 {Still black has a
way to fight on by:} (19... O-O 20. Rc4 (20. exd6 $2 Bxd6 21. Bxf7+ Rxf7 22.
Qxd6 Bf5 {[%csl Rc2]}) 20... Qd8 (20... Qd7 21. exd6 Bxd6 22. Bf3 {[%cal Rd2d7]
}) 21. Qe1 $1 Kh8 $1 {[%cal Gd6e5]} 22. Nd4 Bd7 23. Nc6 Bxc6 24. Bxc6 $14 {
white still has some pressure;}) 20. Rc4 Qb6 21. Rc6 Qa7 {It looks like black
is ok here- 0-0 is coming, but....} (21... Qd8 22. Bxf7+ Kxf7 23. Qf2+ Bf6 24.
Rxd8 Rxd8 25. Nc5 Bg4 26. Nd3 $18 {[%cal Gf2a7]}) {[%tqu "En","Find a killer!",
"","","d5f7","",10]} 22. Bxf7+ $1 {Unpleasant surprise!} Kxf7 (22... Kf8 23.
Rf1 $18) 23. Qd5+ Ke8 24. Qxe5 {No way to prevent Rc7;} Bd7 25. Rc7 1-0

[Event "EU-ch 17th"]
[Site "Gjakova"]
[Date "2016.05.20"]
[Round "8"]
[White "Volokitin, Andrei"]
[Black "Druska, Juraj"]
[Result "1/2-1/2"]
[WhiteElo "2642"]
[BlackElo "2466"]
[Annotator "Volokitin,A"]
[PlyCount "101"]
[EventDate "2016.05.12"]
[EventType "swiss"]
[EventRounds "11"]
[EventCountry "KOS"]
[SourceTitle "CBM 173"]
[Source "ChessBase"]
[SourceDate "2016.07.12"]
[SourceVersion "1"]
[SourceVersionDate "2016.07.12"]
[SourceQuality "1"]

1. e4 c5 2. Nf3 d6 3. d4 cxd4 4. Nxd4 Nf6 5. Nc3 Bd7 {Die Hauptwaffe meines
Gegners.} 6. Bg5 e6 7. Ndb5 $1 {Prinzipiell.} Bc6 8. Bxf6 gxf6 9. Qh5 $1 {
Das ist der Nachteil der schwarzen Variante. Die weiße Dame dominiert auf h5.}
a6 10. Nd4 Bd7 (10... Qb6 11. O-O-O Qc5 12. Qf3 $14 {Volokitin-Sedlak, 2007})
11. O-O-O Nc6 12. Nb3 Qb6 ({Der andere Plan ist} 12... b5 13. f4 Qb6 (13... b4
14. Ne2 $14) 14. Kb1 $14) 13. Rd2 O-O-O 14. g3 Be8 15. f4 Kb8 16. Kb1 $16 {
Also können wir folgende Schlussfolgerung nach der Eröffnung ziehen: Weiß
steht klar besser, hat mehr Raum und dominiert überrall. Schwarz steht sehr
passiv ohne Gegenspiel und kann nur abwarten.} Qc7 ({Nach} 16... Ne7 {folgt}
17. Bh3 $1 {gegen ...f5.}) 17. Bh3 Na7 18. Rhd1 {Etwas schablonenhaft gespielt.
} ({Stärker war} 18. Nd1 $1 Nc8 19. Ne3 {Der Springer steht auf e3 ideal, er
beugt den Vorstößen ...f5 und ...d5 vor.} Nb6 20. Rhd1 $16 {und dann f5}) 18...
Nc8 19. Bf1 Nb6 20. Rd4 Rc8 21. a3 $2 {Ein Fehler.} ({Es war an der Zeit f5 zu
spielen:} 21. f5 $1 Be7 $5 22. a3 $5 Nd7 23. Rc4 $36) 21... Nd7 $2 {Kein
konkreter Zug. Schwarz hätte selbst ...f5 spielen sollen.} (21... f5 $1 22.
exf5 {Schwarz aktiviert seinen passiven Läufer} Bg7 $1 {Ich dachte hier} 23.
Qe2 $1 ({Nicht gut ist} 23. fxe6 $2 fxe6 24. Qe2 Bg6 $1 $36) 23... Bxd4 24.
Rxd4 exf5 25. Rb4 {und die Stellung ist dynamisch ausgeglichen. Zum Beispiel}
Bc6 26. Qf2 Nd5 27. Nxd5 Bxd5 28. Bxa6 Rhe8 29. Qd2 Be4 30. Bd3 Bxd3 31. Qxd3
Re1+ 32. Ka2 Qxc2 33. Qxd6+ $11) 22. Bh3 $2 {Ein sinnloser Zug. Ich musste die
Initiative mit Rb4 oder Rc4 unterstützen.} (22. Rc4 $5 Nc5 23. Be2 $16) (22.
Rb4 $5 d5 23. Rbd4 dxe4 24. Rc4 $1 Qd8 25. Nxe4 $36) 22... Nb6 $1 {Und jetzt
haben wir die Züge wiederholt.} 23. Bf1 Nd7 (23... f5 $1) 24. Qh3 $5 {Der Zug
ist möglich, mit der Idee f5. Meiner Meinung nach ist Rc4 oder Rb4 stärker.}
Nb6 25. f5 e5 26. R4d2 h5 27. Qg2 h4 28. g4 Rd8 {Mit der Idee ...Bh6. Die
Struktur ist fixiert. Weiß steht etwas besser. Er hat das Feld d5 und die
strategische Idee ist, die weißfeldrigem Läufer zu tauschen.} 29. h3 $6 {
Tempoverlust.} ({Stärker war} 29. Rd3 Bh6 30. Na2 $5 $16 (30. Nc1 $5 $16 {
mit der Idee Na2-b4-d5})) 29... Bh6 30. Nd5 {Ein strategischer Fehler. Weiß
tauscht seinen besseren Springer ab.} ({Besser war} 30. Rd3 $14) 30... Nxd5 31.
Rxd5 Ba4 $1 {Der Läufer steht auf a4 sehr gut.} 32. R5d3 {Gegen ...Be3.} ({
Besser war} 32. Na5 $1 Be3 33. R5d3 Ba7 34. Nb3 Rd7 35. Qd2 Rc8 36. Rc3 Qb6 37.
Rxc8+ Kxc8 38. Bc4 $14 {Weiß steht etwas besser.}) 32... Qb6 33. Qf3 {Zu
langsam.} ({Aber} 33. Nc1 Rc8 $1 34. Rxd6 Qe3 $1 35. Bd3 Rc7 {mit Kompensation.
}) 33... Rd7 34. Rc3 Rc8 35. Rxc8+ Kxc8 36. Bc4 Qe3 $2 {Schwarz tauscht die
Damen im falschen Moment. Schwarz kann seine Stellung noch verbessern:} (36...
Rc7 $11) (36... Kb8 $11) 37. Qg2 $2 ({Natürlich musste ich die Damen tauschen:
} 37. Qxe3 $1 Bxe3 38. Rd3 Bf2 39. Nd2 Kd8 40. b3 Bc6 41. Bd5 $14) 37... Rc7
38. Bd5 {Zu optimistisch.} ({Ich musste schon Remis machen, zum Beispiel} 38.
Qe2 Qxh3 39. Rd3 Qh1+ 40. Rd1 Qh3 41. Rd3 $11) 38... Bf4 39. Ka2 Qg3 40. Rg1 {
Der letzte Zug vor der Kontrolle ist zu passiv.} ({Weiß musste eilig
Gegenspiel suchen:} 40. Qe2 $1 Kb8 (40... Qxh3 41. Qf2 $1 Be3 42. Qe2 Bb6 43.
Rd3 Qh1 44. Rd1 $11) 41. Rd3 Qg1 42. Rd1 $11) 40... Bb5 41. c3 $1 {Der Bauer
auf c2 hängt die ganze Zeit.} Be2 {Falsche Idee.} ({Schwarz musste seine
Stellung noch verbessern:} 41... Kb8 $1 42. Qh1 Qf2 {Schwarz steht etwas
aktiver, aber die Partie sollte Remis enden.}) 42. Na5 ({Jetzt konnte ich
sofort Remis machen:} 42. Qxe2 $1 Qxg1 43. Na5 $1 Qe3 (43... b5 $6 {ist nur
für Schwarz riskant.} 44. g5 $3 $36) 44. Bxb7+ $1 Rxb7 45. Qxa6 Qb6 46. Qxb7+
Qxb7 47. Nxb7 Kxb7 48. c4 Be3 49. b4 $11 {Das Endspiel ist völlig ausgeglichen.
}) 42... Kb8 (42... Bd3 {war etwas besser.}) 43. Qxe2 $1 {Jetzt endet die
Partie mit Remis durch Dauerschach.} Qxg1 44. Nxb7 $1 Rxb7 45. Qxa6 Rb6 (45...
Rd7 46. Qa8+ Kc7 47. Bc6 Qb6 48. Bxd7 Kxd7 49. Qf8 $11) ({Ein grober Fehler
wäre} 45... Qb6 $4 46. Bxb7 Qxb7 47. Qxd6+ Ka8 48. Qd8+ Ka7 49. Qd3 $18 {
und Weiß muss allmählich gewinnen.}) 46. Qa8+ Kc7 47. Qa7+ Kc8 48. Bb7+ Kd7 49.
Bd5+ Kc8 50. Qa8+ Kc7 51. Qa7+ 1/2-1/2